000 00262nam a2200109Ia 4500
008 190914s9999||||xx |||||||||||||| ||und||
100 _aS.Akbar Zaidi
245 0 _aIssues In Pakistan's Economy
260 _aKarachi
_bOxford
_c2001
300 _a457
942 _cBK
999 _c8584
_d8584